<?xml version="1.0" encoding="UTF-8"?>
<collection xmlns="http://www.loc.gov/MARC21/slim">
  <record>
    <leader>00000nam  2200000   4500</leader>
    <controlfield tag="001">INLIS000000000049594</controlfield>
    <controlfield tag="005">20250121095753</controlfield>
    <datafield tag="035" ind1="#" ind2="#">
      <subfield code="a">0010-031700000000039</subfield>
    </datafield>
    <controlfield tag="008">250121###########################0######</controlfield>
    <datafield tag="020" ind1="#" ind2="#">
      <subfield code="a">978-602-131</subfield>
    </datafield>
    <datafield tag="040" ind1="#" ind2="#">
      <subfield code="a">NBPDMAT</subfield>
    </datafield>
    <datafield tag="082" ind1="#" ind2="#">
      <subfield code="a">297 728</subfield>
    </datafield>
    <datafield tag="090" ind1="#" ind2="#">
      <subfield code="a">297 728 muk k</subfield>
    </datafield>
    <datafield tag="100" ind1="#" ind2="#">
      <subfield code="a">Muhammad Gufron haromain</subfield>
    </datafield>
    <datafield tag="245" ind1="1" ind2="#">
      <subfield code="a">Kumpulan pidato sebagai bekal berdakwah /</subfield>
      <subfield code="c">Muhammad Gufron Haromain ,QH</subfield>
    </datafield>
    <datafield tag="260" ind1="#" ind2="#">
      <subfield code="a">Pringgabaya :</subfield>
      <subfield code="b">Pusakanda,</subfield>
      <subfield code="c">2015</subfield>
    </datafield>
    <datafield tag="300" ind1="#" ind2="#">
      <subfield code="a">xvii , 123 hlm ;</subfield>
      <subfield code="c">21 cm</subfield>
    </datafield>
    <datafield tag="500" ind1="#" ind2="#">
      <subfield code="a">Biografi : hlm. 128-131</subfield>
    </datafield>
    <datafield tag="650" ind1="#" ind2="4">
      <subfield code="a">Retoritika dakwah - kumpulan Pidato</subfield>
    </datafield>
    <datafield tag="520" ind1="#" ind2="#">
      <subfield code="a">Islam adalah agama dakwah yang mewajibkan para pemeluknya untuk menyampaikan pesan-pesan dakwah. Seorang pendakwah menyampaikan pesan kebenaran, terutama terhadap orang yang belum mengetahui ataupun masih awam tentang ajaran Islam. Dimana, dakwah Islam disini sangat diperlukan demi keselamatan dan kebahagiaan hidup mereka. Buku ini berisi kumpulan pidato, yang menyajikan sekitar 29 (dua puluh sembilan) pidato dengan berbagai tema tentang dakwah agama Islam. Buku ini menjabarkan pendahuluan dalam berpidato yang disajikan dalam tulisan arab. Buku ini juga berisi kalimat yang diucapkan, baik ketika akan membuka ataupun menutup pidato. Pidato dalam buku ini juga dilengkapi dengan dalil-dalil agama yang bersumber Al-Qur’an dan Hadist, yang juga dilengkapi dengan artinya.</subfield>
    </datafield>
    <datafield tag="990" ind1="#" ind2="#">
      <subfield code="a">016/46/2017</subfield>
    </datafield>
    <datafield tag="990" ind1="#" ind2="#">
      <subfield code="a">016/46/2017</subfield>
    </datafield>
    <datafield tag="990" ind1="#" ind2="#">
      <subfield code="a">016/46/2017</subfield>
    </datafield>
    <datafield tag="990" ind1="#" ind2="#">
      <subfield code="a">016/46/2017</subfield>
    </datafield>
    <datafield tag="990" ind1="#" ind2="#">
      <subfield code="a">016/46/2017</subfield>
    </datafield>
  </record>
</collection>
